Nellie Campobello (Record no. 55756)

MARC details
000 -LEADER
fixed length control field 00869nam a22002177a 4500
005 - DATE AND TIME OF LATEST TRANSACTION
control field 20231002124335.0
008 - FIXED-LENGTH DATA ELEMENTS--GENERAL INFORMATION
fixed length control field 230828b mx |||||||| |||| 00| 0 eng d
050 04 - LIBRARY OF CONGRESS CALL NUMBER
Classification number PQ7297.C24448
Item number V37 2021
100 1# - MAIN ENTRY--PERSONAL NAME
Personal name Vargas Valdés, Jesús.
245 10 - TITLE STATEMENT
Title Nellie Campobello
Remainder of title : mujer de manos rojas
Statement of responsibility, etc / Jesús Vargas Valdés, Flor García Rufino ; prólogo Jorge Aguilar Mora.
250 ## - EDITION STATEMENT
Edition statement 2a ed.
260 ## - PUBLICATION, DISTRIBUTION, ETC. (IMPRINT)
Place of publication, distribution, etc Durango, México :
Name of publisher, distributor, etc AGLI Editorial, Fondo Regional para la Cultura y las Artes del Noroeste,
Date of publication, distribution, etc 2021
300 ## - PHYSICAL DESCRIPTION
Extent 692 p. :
Other physical details il. ,
Dimensions 23 cm.
500 ## - GENERAL NOTE
General note Incluye índice
504 ## - BIBLIOGRAPHY, ETC. NOTE
Bibliography, etc Bibliografía : p. 665-674
600 1# - SUBJECT ADDED ENTRY--PERSONAL NAME
Personal name Campobello, Nellie,
Fuller form of name 1900-1986
General subdivision Critica e interpretación
651 #7 - SUBJECT ADDED ENTRY--GEOGRAPHIC NAME
Geographic name México
General subdivision Historia
-- Revolución, 1910-1920
700 1# - ADDED ENTRY--PERSONAL NAME
Personal name García Rufino, Flor,
Relator term autor
700 1# - ADDED ENTRY--PERSONAL NAME
Personal name Aguilar Mora, Jorge,
Relator term prologuista
942 ## - ADDED ENTRY ELEMENTS (KOHA)
Source of classification or shelving scheme Biblioteca del Cogreso de los Estados Unidos
Koha item type Libro
Holdings
Estado de pérdida Fuente de clasificación Estado del daño No para préstamo Ubicación permanente Ubicación actual Apartado o colección Fecha de adquisición Fuente de adquisición Edición Área del conocimiento Total Checkouts Clasificación Código de Barras Date last seen Número de copia Costo por reposición Tipo de recurso
  Biblioteca del Cogreso de los Estados Unidos     Biblioteca de la Facultad de Bellas Artes Biblioteca de la Facultad de Bellas Artes General 21/09/2023 Donación 2a ed. Educación y Humanidades   PQ7297.C24448 V37 2021 BBA000002988 21/09/2023 1 1.00 Libro
  Biblioteca del Cogreso de los Estados Unidos     Biblioteca de la Facultad de Bellas Artes Biblioteca de la Facultad de Bellas Artes General 21/09/2023 Donación 2a ed. Educación y Humanidades   PQ7297.C24448 V37 2021 BBA000002989 21/09/2023 2 1.00 Libro